The golden bough : a study in magic and religion
Αποθηκεύτηκε σε:
| Κύριος συγγραφέας: | |
|---|---|
| Μορφή: | Βιβλίο |
| Γλώσσα: | English |
| Δημοσίευση: |
London :
Macmillan,
1922
|
| Έκδοση: | Abridged ed. |
| Θέματα: | |
| Ετικέτες: |
Προσθήκη ετικέτας
Δεν υπάρχουν, Καταχωρήστε ετικέτα πρώτοι!
|
MARC
| LEADER | 00000cam a2200000 i 4500 | ||
|---|---|---|---|
| 001 | 1/25919 | ||
| 008 | 060309s1922 eng d | ||
| 020 | |a 0-333-09629-0 | ||
| 035 | |l 10083034 | ||
| 040 | |a GR-MY-UA |b gre |e aacr | ||
| 041 | 0 | |a eng | |
| 082 | 0 | |a 291 |2 (22) | |
| 100 | 1 | |a Frazer, James George, |c Sir, |d 1854-1941. | |
| 245 | 1 | 4 | |a The golden bough : |b a study in magic and religion / |c by Sir James George Frazer |
| 250 | |a Abridged ed. | ||
| 260 | |a London : |b Macmillan, |c 1922 | ||
| 300 | |a xv, 971 σ.; |c 18 εκ. | ||
| 504 | |a Περιέχει ευρετήριο | ||
| 650 | 0 | 0 | |a Mythology. |
| 650 | 0 | 0 | |a Religion. |
| 650 | 0 | 0 | |a Magic. |
| 650 | 0 | 0 | |a Superstition. |
| 852 | |a INST |b LESVOS |e 20060309 |h 291 FRA |p 005100034728 |q 005100034728 |t BK |y 0 | ||
| 901 | |a BIBL1-2006-1 | ||
| 909 | |a Λ |b 126081 | ||
| 970 | |a ΚΑΡΑ |b ΓΙΑΣΕΜΗ |z 2006/03/09 | ||